<?xml version="1.0" encoding="UTF-8"?>
<record
    xmlns:xsi="http://www.w3.org/2001/XMLSchema-instance"
    xsi:schemaLocation="http://www.loc.gov/MARC21/slim http://www.loc.gov/standards/marcxml/schema/MARC21slim.xsd"
    xmlns="http://www.loc.gov/MARC21/slim">

  <leader>00972nam a2200277 i 4500</leader>
  <controlfield tag="001">47806</controlfield>
  <controlfield tag="003">ES-MaACL</controlfield>
  <controlfield tag="005">20250903015351.0</controlfield>
  <controlfield tag="007">t|</controlfield>
  <controlfield tag="008">030528s2001    sp           ||||0| spa</controlfield>
  <datafield tag="020" ind1=" " ind2=" ">
    <subfield code="a">84-7844-433-5</subfield>
  </datafield>
  <datafield tag="080" ind1=" " ind2=" ">
    <subfield code="a">087.5:51</subfield>
  </datafield>
  <datafield tag="100" ind1="1" ind2=" ">
    <subfield code="a">Enzensberger, Hans Magnus.</subfield>
    <subfield code="9">47315</subfield>
  </datafield>
  <datafield tag="245" ind1="1" ind2="3">
    <subfield code="a">El diablo de los n&#xFA;meros </subfield>
    <subfield code="b">: un libro para todos aquellos que temen a las matem&#xE1;ticas / </subfield>
    <subfield code="c">Hans Magnus Enzensberger ; dise&#xF1;ado e ilustrado por Rotraut Susanne Berner ; traducci&#xF3;n de Carlos Fortea.</subfield>
  </datafield>
  <datafield tag="250" ind1=" " ind2=" ">
    <subfield code="a">12&#xAA; ed.</subfield>
  </datafield>
  <datafield tag="260" ind1=" " ind2=" ">
    <subfield code="a">Madrid : </subfield>
    <subfield code="b">Siruela, </subfield>
    <subfield code="c">2001.</subfield>
  </datafield>
  <datafield tag="300" ind1=" " ind2=" ">
    <subfield code="a">255 p : </subfield>
    <subfield code="b">il. col ; </subfield>
    <subfield code="c">25 cm.</subfield>
  </datafield>
  <datafield tag="490" ind1="1" ind2=" ">
    <subfield code="a">Las tres edades ; </subfield>
    <subfield code="v">57</subfield>
  </datafield>
  <datafield tag="650" ind1="1" ind2="4">
    <subfield code="a">Matem&#xE1;ticas-</subfield>
    <subfield code="v">Libros infantiles</subfield>
    <subfield code="9">14828</subfield>
  </datafield>
  <datafield tag="655" ind1=" " ind2="7">
    <subfield code="a">Libros infantiles</subfield>
    <subfield code="2">tgfbne</subfield>
    <subfield code="9">226786</subfield>
  </datafield>
  <datafield tag="700" ind1="1" ind2=" ">
    <subfield code="a">Berner, Rotraut Susanne.</subfield>
    <subfield code="9">28313</subfield>
  </datafield>
  <datafield tag="700" ind1="1" ind2=" ">
    <subfield code="a">Fortea, Carlos,</subfield>
    <subfield code="d">1963-</subfield>
    <subfield code="9">51844</subfield>
  </datafield>
  <datafield tag="830" ind1="1" ind2=" ">
    <subfield code="a">Las tres edades ; </subfield>
    <subfield code="v">57</subfield>
    <subfield code="9">178625</subfield>
  </datafield>
  <datafield tag="852" ind1="4" ind2=" ">
    <subfield code="a">ES-MaACL</subfield>
    <subfield code="j">L-26399</subfield>
  </datafield>
  <datafield tag="999" ind1=" " ind2=" ">
    <subfield code="c">47806</subfield>
    <subfield code="d">47806</subfield>
  </datafield>
  <datafield tag="952" ind1=" " ind2=" ">
    <subfield code="0">0</subfield>
    <subfield code="1">0</subfield>
    <subfield code="4">0</subfield>
    <subfield code="7">0</subfield>
    <subfield code="a">ATENEOM</subfield>
    <subfield code="b">ATENEOM</subfield>
    <subfield code="c">DEPO2</subfield>
    <subfield code="d">2008-01-17</subfield>
    <subfield code="e">SC</subfield>
    <subfield code="l">0</subfield>
    <subfield code="o">L-26399</subfield>
    <subfield code="p">1050310</subfield>
    <subfield code="r">2023-02-23 00:00:00</subfield>
    <subfield code="w">2023-02-23</subfield>
    <subfield code="y">MONOGRAFIA</subfield>
  </datafield>
</record>
